MARC

LEADER 00000nam0a2200000 4500
001 306763
005 20231102001927.0
020 |a RU  |b 83-52462 
035 |a (RuTPU)RU\TPU\book\332040 
090 |a 306763 
100 |a 20151010d1983 k y0rusy5003 ca 
101 0 |a rus 
102 |a RU 
105 |a a z 101zy 
200 1 |a Теория сложных систем и методы их моделирования  |e труды семинара  |f Академия наук СССР (АН СССР), Всесоюзный научно-исследовательский институт системных исследований (ВНИИСИ) ; под ред. В. В. Калашникова 
210 |a Москва  |c Изд-во ВНИИСИ  |d 1983 
215 |a 124 с.  |c ил. 
320 |a Библиография в конце статей 
606 1 |a Сложные системы  |x Математическое моделирование  |x (системы автоматического управления)  |2 stltpush  |3 (RuTPU)RU\TPU\subj\55199  |9 73259 
610 1 |a технические системы сложные 
610 1 |a теория 
610 1 |a методы 
610 1 |a алгебраические методы 
610 1 |a вероятностные методы 
610 1 |a семинары 
610 1 |a Москва 
675 |a 681.51.015.26(063)  |z rus  |v 3 
702 1 |a Калашников  |b В. В.  |g Владимир Вячеславович  |4 340 
712 0 2 |a Академия наук СССР (АН СССР)  |b Всесоюзный научно-исследовательский институт системных исследований (ВНИИСИ)  |c (Москва)  |c (1886-1991)  |2 stltpush  |3 (RuTPU)RU\TPU\col\259 
712 1 2 |a Теория сложных систем и методы их моделирования  |c семинар  |e Москва  |f 1983  |4 570 
801 0 |a RU  |b RuMRKP  |c 19950704  |g psbo 
801 1 |a RU  |b 63413507  |c 20151010 
801 2 |a RU  |b 63413507  |c 20180723  |g RCR 
942 |c BK